| 000 | 00607nam a2200193 a 4500 | ||
|---|---|---|---|
| 001 | 562 | ||
| 003 | CDMR | ||
| 005 | 20130509195136.0 | ||
| 008 | 130130s1991||||||||||||||||||||||||||||d | ||
| 020 | _a8460411265 | ||
| 040 |
_aCDMR _bcat _cCPC GIRONA |
||
| 100 | 1 |
_aGiró, Xavier _9415 |
|
| 245 | 1 | 0 |
_aConflictes de televisió a Catalunya _cXavier Giró ; pròleg d'Antoni Esteve i Rafael Jorba _b: (1959-1990) |
| 260 |
_bDiputació de Barcelona _aBarcelona |
||
| 260 |
_bCol·legi de Periodistes de Catalunya _c1991 |
||
| 490 | 0 |
_aVaixells de Paper _v10 |
|
| 650 | 0 | 4 |
_93127 _aTelevisió _zCatalunya |
| 942 |
_cMON _2ddc |
||
| 999 |
_c562 _d562 |
||